00509pab a2200169 454500008004000000100002200040245008400062260000900146300001500155362000800170650003000178650003500208650002500243700002100268700002100289773002900310180718b2017 xxu||||| |||| 00| 0 eng d aMartin, Leslie A. aIn with the big, out with the small: removing small-scale reservations in India c2017 ap.354-386. aFeb aEmployment policy - India aIndia - Small scale industries aSmall scale industry aHarrison, Ann E. aNataraj, Shanthi aAmerican Economic Review